Catálogo

Interactive computer graphics : (Registro nro. 26368)

Detalles MARC
000 -LEADER
fixed length control field 01027cam a2200277 i 4500
001 - CONTROL NUMBER
control field 26368
003 - CONTROL NUMBER IDENTIFIER
control field Mx-PuUPA
005 - DATE AND TIME OF LATEST TRANSACTION
control field 20250924151417.0
008 - FIXED-LENGTH DATA ELEMENTS--GENERAL INFORMATION
fixed length control field 140415s1997 mauad fr 001 0 eng d
020 ## - INTERNATIONAL STANDARD BOOK NUMBER
International Standard Book Number 0201855712
040 ## - CATALOGING SOURCE
Original cataloging agency Mx-PuUPA
Language of cataloging spa
Transcribing agency Mx-PuUPA
Modifying agency Mx-PuUPA
Description conventions rda
041 0# - LANGUAGE CODE
Language code of text/sound track or separate title eng
100 1# - MAIN ENTRY--PERSONAL NAME
Personal name Angel, Edward,
9 (RLIN) 9661
Relator term autor
245 10 - TITLE STATEMENT
Title Interactive computer graphics :
Remainder of title a top-down approach with openGL™ /
Statement of responsibility, etc. Edward Angel
264 #1 - PRODUCTION, PUBLICATION, DISTRIBUTION, MANUFACTURE, AND COPYRIGHT NOTICE
Place of production, publication, distribution, manufacture Massachusetts :
Name of producer, publisher, distributor, manufacturer Addison-Wesley Longman,
Date of production, publication, distribution, manufacture, or copyright notice ©1997
300 ## - PHYSICAL DESCRIPTION
Extent xxxvi, 521 páginas :
Other physical details ilustraciones, gráficas, 7 láminas sin paginación (a color) :
Dimensions 24 cm
336 ## - CONTENT TYPE
Content type term texto
Fuente rdacontent
Content type code txt
337 ## - MEDIA TYPE
Media type term sin medio
Source rdamedia
Media type code n
338 ## - CARRIER TYPE
Carrier type term volumen
Source rdacarrier
Carrier type code nc
650 #7 - SUBJECT ADDED ENTRY--TOPICAL TERM
Source of heading or term armarc
Topical term or geographic name entry element Gráficos por computador
650 #7 - SUBJECT ADDED ENTRY--TOPICAL TERM
Topical term or geographic name entry element Sistemas informáticos interactivos
Source of heading or term armarc
942 ## - ADDED ENTRY ELEMENTS (KOHA)
Source of classification or shelving scheme Dewey Decimal Classification
Koha item type Libro
Classification part 006.66
Item part A58
Existencias
Withdrawn status Lost status Source of classification or shelving scheme Damaged status Not for loan Collection code Home library Current library Shelving location Date acquired Source of acquisition Total Checkouts Full call number Barcode Date last seen Price effective from Koha item type
    Dewey Decimal Classification     General Biblioteca Karol Wojtyla Biblioteca Karol Wojtyla Sala general 03/12/2013 Compra   006.66 A58 1997 49008 05/01/2026 03/12/2013 Libro